=LDR 00000nam 2200000 4500 =001 INLIS000000000012227 =005 20130612103750 =008 ***********************************Ind** =035 ##$$0010-061300000012227 =041 ##$$a Ind =082 ##$$a 574.07 =090 ##$$a 574.07, Suj p =100 ##$$a Sujiko, siti Maryam =245 ##$$a Pengajaran biologi secara individual, oleh siti Mariyam Sudjoko =260 ##$$a 1985 $b Jakarta =300 ##$$a v, 116 hlm, Ilus, 23 cm =650 ##$$a Bibliografi =650 ##$$a Studi dan pengajaran =850 ##$$a NBPNMAT